Statistics for Troye Sivan - Blue Neighbourhood (Deluxe) - Album Song List

Click here to take the quiz!

General Stats

  • This quiz has been taken 336 times
  • The average score is 12 of 16

Answer Stats

# Song % Correct
1WILD
96%
10YOUTH
92%
3FOOLS
85%
15BLUE
83%
12for him.
80%
2BITE
79%
7TALK ME DOWN
78%
4EASE
75%
13SUBURBIA
75%
9HEAVEN
74%
6DKLA
68%
8COOL
67%
5THE QUIET
63%
11LOST BOY
59%
14TOO GOOD
53%
16WILD - XXYYXX Remix
38%

Score Distribution

Percentile by Number Answered

Percent of People with Each Score

Your Score History

You have not taken this quiz